The secret of your immortal self (Record no. 519552)

000 -LEADER
fixed length control field 00348nam a22001097a 4500
082 ## - DEWEY DECIMAL CLASSIFICATION NUMBER
Classification number TNC A3 F498
100 ## - MAIN ENTRY--PERSONAL NAME
Personal name Finley, Guy
9 (RLIN) 30681
245 ## - TITLE STATEMENT
Title The secret of your immortal self
Remainder of title key lessons for realizing the divinity within
Statement of responsibility, etc by Guy Finely
260 ## - PUBLICATION, DISTRIBUTION, ETC. (IMPRINT)
Place of publication, distribution, etc New Delhi
Name of publisher, distributor, etc Manjul Publishing House
Date of publication, distribution, etc 2015
300 ## - PHYSICAL DESCRIPTION
Extent 343p
650 ## - SUBJECT ADDED ENTRY--TOPICAL TERM
Topical term or geographic name as entry element Fiction
9 (RLIN) 30682
Holdings
Withdrawn status Lost status Source of classification or shelving scheme Damaged status Koha normalized classification for sorting Not for loan Permanent location Current location Date acquired Full call number Barcode Date last seen Price effective from Koha item type
        TNC_A3_F498   Indian Institute of Public Administration Indian Institute of Public Administration 2022-03-17 TNC A3 F498 GR23969 2022-03-17 2022-03-17 GR

Powered by Koha